000 00328pab a2200145 454500
008 180718b1986 xxu||||| |||| 00| 0 eng d
100 _aMustafa, Seema
245 _aAssault on secularism
260 _c1986
300 _a3-4
362 _a1 Mar.
650 _aMohammedan Law - India
773 _aMainstream
909 _a13599
999 _c13599
_d13599